| 000 | 00993cam a2200325 i 4500 | ||
|---|---|---|---|
| 001 | 882433 | ||
| 003 | OSt | ||
| 005 | 20210417102825.0 | ||
| 008 | 800813s1981 nyu 000 0 eng | ||
| 010 | _a 80020835 | ||
| 020 | _a0671414070 | ||
| 040 |
_aDLC _cDLC _dDLC |
||
| 043 | _an-us-ny | ||
| 050 | 0 | 0 |
_aPS3562.A755 _bG6 |
| 080 |
_a821.111 _bL-36 |
||
| 082 | 0 | 0 |
_a813/.54 _219 |
| 100 | 1 | _aLathen, Emma. | |
| 245 | 1 | 0 |
_aGoing for the gold / _cEmma Lathen. |
| 260 |
_aNew York : _bSimon and Schuster, _cc1981. |
||
| 300 |
_a251 p. ; _c22 cm. |
||
| 365 | _b11.95 usd | ||
| 650 | 0 |
_aThatcher, John Putnam (Fictitious character) _vFiction. |
|
| 650 | 0 |
_aBankers _vFiction. |
|
| 651 | 0 |
_aNew York (N.Y.) _vFiction. |
|
| 651 | 0 |
_aWall Street (New York, N.Y.) _vFiction. |
|
| 653 |
_aინგლისური ლიტერატურა _aპროზა |
||
| 655 | 7 |
_aDetective and mystery stories. _2gsafd |
|
| 906 |
_a7 _bcbc _corignew _du _eocip _f19 _gy-gencatlg |
||
| 942 |
_2udc _cBK |
||
| 999 |
_c156 _d156 |
||